000 00403cam a2200181 4500
001 D5254
008 090401t1977 xxu||||| |||| 00| 0 eng d
035 _a(Sirsi) u42180
041 _aeng
050 _a690
100 _aGrundy, J.T.
245 _aConstruction technology. vol 1
260 _aLondon
_bArnold
_c1977
300 _a200p. 22cm
350 _a2.95
942 _n0
948 _c04/03/1997
999 _c91033
_d91033